Eurowizja 2022 - Preselekcje Państw - Statystyki

Ogólne statystyki
  • Ten quiz został rozwiązany 254 razy
  • Średni wynik to 19 z 25
Statystyki odpowiedzi
Preselekcje Kraj % Poprawnych
Tu bije serce Europy! Wybieramy hit na Eurowizję! Polska
98%
Germany 12 Points Niemcy
94%
Israel X Factor Izrael
93%
Australia Decides Australia
92%
Una Voce per San Marino San Marino
91%
C'est vous qui décidez! Francja
86%
Festival da Canção Portugalia
84%
Sanremo Włochy
84%
Melodifestivalen Szwecja
82%
Festivali i Këngës 60 Albania
77%
Melodi Grand Prix Norwegia/Dania
77%
Pesma za Evroviziju Serbia
74%
ESCZ Czechy
73%
Eesti Laul Estonia
73%
Selecția Națională Rumunia
72%
Söngvakeppnin Islandia
71%
Uuden Musikiin Kilpailu Finlandia
70%
Supernova Łotwa
69%
Benidorm Fest Hiszpania
67%
Vidbir Ukraina
67%
MESC Malta
64%
Pabandom iš naujo! Litwa
60%
EMA Słowenia
55%
Eurosong Irlandia
50%
Za Evrosong Macedonia Północna
47%
Nie znaleziono quizów pasujących do podanych kryteriów
Rozkład punktacji
Procent ludzi z każdym wynikiem
Percentyl według liczby udzielonych odpowiedzi
Twoja historia wyników
Nie rozwiązałeś tego quizu